लिंग, विधालय एवं समाज (Record no. 17153)

MARC details
000 -LEADER
fixed length control field 00355nam a22001337a 4500
003 - CONTROL NUMBER IDENTIFIER
control field SGT
020 ## - INTERNATIONAL STANDARD BOOK NUMBER
International Standard Book Number 978-93-85872-29-7
082 ## - DEWEY DECIMAL CLASSIFICATION NUMBER
Classification number 370
Item number TRI
100 ## - MAIN ENTRY--PERSONAL NAME
Personal name त्रिपाठी, प्रतिमा
245 ## - TITLE STATEMENT
Title लिंग, विधालय एवं समाज
260 ## - PUBLICATION, DISTRIBUTION, ETC. (IMPRINT)
Place of publication, distribution, etc U.P.
Name of publisher, distributor, etc AGARWAL PUB.
Year of Publication 2019
300 ## - PAGE DESCRIPTION
No. of Pages 389
942 ## - ADDED ENTRY ELEMENTS (KOHA)
Source of classification or shelving scheme Dewey Decimal Classification
Koha item type Books
Holdings
Withdrawn status Lost status Source of classification or shelving scheme Damaged status Not for loan Collection code Home library Current library Shelving location Date acquired Vendor Name Cost, normal purchase price SGTU Total Checkouts Full call number Accession No. (Barcode) Date last seen Date last borrowed Bill Date Koha item type
    Dewey Decimal Classification     EDUCATION SGT Engineering Library SGT Engineering Library Text Book 20/03/2019 INDIAN PUB. 225.00 SGTU 3 370 TRI ED3406 04/03/2020 20/02/2020 20/03/2019 Books
    Dewey Decimal Classification     EDUCATION SGT Engineering Library SGT Engineering Library Text Book 20/03/2019 INDIAN PUB. 225.00 SGTU 3 370 TRI ED3407 03/03/2020 28/02/2020 20/03/2019 Books
    Dewey Decimal Classification     EDUCATION SGT Engineering Library SGT Engineering Library Text Book 20/03/2019 INDIAN PUB. 225.00 SGTU 6 370 TRI ED3408 09/02/2026 21/01/2026 20/03/2019 Books
    Dewey Decimal Classification     EDUCATION SGT Engineering Library SGT Engineering Library Text Book 20/03/2019 INDIAN PUB. 225.00 SGTU 5 370 TRI ED3409 16/10/2020 04/03/2020 20/03/2019 Books
    Dewey Decimal Classification     EDUCATION SGT Engineering Library SGT Engineering Library Text Book 20/03/2019 INDIAN PUB. 225.00 SGTU 2 370 TRI ED3410 10/02/2020 27/01/2020 20/03/2019 Books